| 000 | 00421nam a2200109Ia 4500 | ||
|---|---|---|---|
| 008 | 220620s9999||||xx |||||||||||||| ||und|| | ||
| 245 | 0 |
_aCooperative Enterprises in Australia and Italy _bComparative analysis and theoretical insights |
|
| 546 | _aEnglish[eng] | ||
| 700 | _aJensen, Anthony||Patmore, Greg||Tortia, Ermanno | ||
| 856 | _uhttps://library.oapen.org/bitstream/20.500.12657/55230/1/9788866558682.pdf | ||
| 942 | _cEB | ||
| 999 |
_c25333 _d25333 |
||